000 00699nam a2200229Ia 4500
003 GCL
008 140319s9999 xx 000 0 ara d
020 _a1 084284 07
040 _aGCL /
_cGCL
082 0 4 _a530
_bب ا
100 1 _aبوش ، ف
245 1 0 _aاساسيات الفيزياء /
_cبوش ، ف
700 1 _aسعيد الجزيرى
700 1 _aمحمد امين سليمان
250 _aالخامسة
260 _aالقاهرة :
_bالدار الدولية للنشر والتوزيع ،
_c1990
300 _a936 ص ؛
_c24 سم
650 0 4 _aالفيزياء
650 0 4 _aعلم الفيزياء
650 0 4 _aالفيزياء - قوانين
942 _2ddc
_cBK
999 _c42326
_d42326